Řízení změny strategie firmy

Saved in:
Bibliographic Details
Main Author: Rais, Karel
Format: Book Chapter
Language:Czech
Subjects:
Tags: Add Tag
No Tags, Be the first to tag this record!

MARC

LEADER 00000naa$a2200000$$$4500
001 0018646
005 20221128124336.3
041 0 |a cze 
044 |a SK 
245 1 0 |a Řízení změny strategie firmy  |c Karel Rais 
610 2 0 |a firmy 
610 2 0 |a stratégia podniková 
610 2 0 |a prostredie podnikové 
610 2 0 |a metódy 
610 2 0 |a Česko 
100 1 |a Rais, Karel